000 07463nam a22005537a 4500
005 20090526154020.0
008 090526t xxu||||| |||| 00| 0 hin d
010 _aHIN-86614
020 _a9788120337589
_c250.00
035 _aHN--58960
037 _bDBAD / PUB
040 _adpl
_bhn
082 _a324.54
100 _aशर्मा, ब्रजकिशोर
245 _aभारत का संविधानः एक परिचय /
_cब्रजकिशोर शर्मा
246 _aBhaarata kaa samvidhaana:eka parichaya
_bby Brijkishor Sharma
250 _a6ठा संस्क.
260 _aनई दिल्ली
_bपीएचआई लर्निंग
_c2009
270 _aएम-97, कनाट प्लेस
_bनई दिल्ली
_e110001
300 _axxxviii,442पृ.
_c23सेमी ( अजिल्द)
650 _aसंविधान
_zभारत
650 _aConstitution
_zIndia
650 _aसंविधानिक कानून
_zभारत
650 _aConstitutional law
_zIndia
942 _2ddc
_cHN
_h324.54
_mशर्माब्र
999 _c26830
_d26830